BUBT Library Online Catalog

রোমান আইনের মূলনীতি : (Record no. 2516)

000 -LEADER
fixed length control field 00838nam a2200193Ia 4500
003 - CONTROL NUMBER IDENTIFIER
control field BUBTL
008 - FIXED-LENGTH DATA ELEMENTS--GENERAL INFORMATION
fixed length control field 151213s9999 xx 000 0 und d
082 ## - DEWEY DECIMAL CLASSIFICATION NUMBER
Classification number 340.54/ P2743r/ 2005
100 ## - MAIN ENTRY--PERSONAL NAME
Personal name ড. এ. বি. এম মফিজুল ইসলাম পাটোয়ারী
9 (RLIN) 4779
245 ## - TITLE STATEMENT
Title রোমান আইনের মূলনীতি :
Statement of responsibility, etc. ড. এ. বি. এম মফিজুল ইসলাম পাটোয়ারী
250 ## - EDITION STATEMENT
Edition statement ৩য় সং
260 ## - PUBLICATION, DISTRIBUTION, ETC. (IMPRINT)
Place of publication, distribution, etc. ঢাকা
Name of publisher, distributor, etc. মল্লিকা পাবলিশিং হাউজ
Date of publication, distribution, etc. c2005
300 ## - PHYSICAL DESCRIPTION
Extent 271p. :
Other physical details 21 cm
650 ## - SUBJECT ADDED ENTRY--TOPICAL TERM
Topical term or geographic name as entry element Law
700 ## - ADDED ENTRY--PERSONAL NAME
Personal name ড. এ. বি. এম মফিজুল ইসলাম পাটোয়ারী
9 (RLIN) 4779
856 ## - ELECTRONIC LOCATION AND ACCESS
Password 0
Logon 0
Link text Download
942 ## - ADDED ENTRY ELEMENTS (KOHA)
Source of classification or shelving scheme
Koha item type Books
Holdings
Withdrawn status Lost status Source of classification or shelving scheme Damaged status Not for loan Collection code Permanent location Current location Shelving location Date acquired Source of acquisition Inventory number Total Checkouts Full call number Barcode Date last seen Copy number Price effective from Koha item type
        Not For Loan Non-fiction Bangladesh University of Business and Technology Library Bangladesh University of Business and Technology Library Law Stacks 04/28/2007 Purchase 3731   340.54/ P2743r/ 2005 BUBTL-20033731 10/17/2022 C-1 10/17/2022 Books
          Non-fiction Bangladesh University of Business and Technology Library Bangladesh University of Business and Technology Library Law Stacks 04/28/2007 Purchase 3732   340.54/ P2743r/ 2005 BUBTL-20033732 10/17/2022 C-2 10/17/2022 Books
          Non-fiction Bangladesh University of Business and Technology Library Bangladesh University of Business and Technology Library Law Stacks 04/28/2007 Purchase 3733   340.54/ P2743r/ 2005 BUBTL-20033733 10/17/2022 C-3 10/17/2022 Books
          Non-fiction Bangladesh University of Business and Technology Library Bangladesh University of Business and Technology Library Law Stacks 04/28/2007 Purchase 3734   340.54/ P2743r/ 2005 BUBTL-20033734 10/17/2022 C-4 10/17/2022 Books
          Non-fiction Bangladesh University of Business and Technology Library Bangladesh University of Business and Technology Library Law Stacks 04/28/2007 Purchase 3735   340.54/ P2743r/ 2005 BUBTL-20033735 10/17/2022 C-5 10/17/2022 Books

More Information About Library

Library Hours

  • Open: 9.00 am. to 9.00 pm.
  • Only Sunday: 9.00 am. to 6.00 pm.
  • Closed: Holiday

Contact to the University

Bangladesh University of Business and Technology Library

  • Mirpurl-2, 1216.
  • Phone:
  • Fax:
  • E-Mail: admin.library@bubt.edu.bd

Contact to the Library

Contact Person:

Md. Abdul Hakim Shah
Joint Librarian
PABX No:  113
Cell No: 01816332931
E-mail: official: admin.library@bubt.edu.bd
Personal: hakim.shah@bubt.edu.bd


BUBT Library

Copyright © 2021